000
00342nam a22001577a 4500
020
_a
81-8524056-6
041
_a
ENG
100
_a
Gupta .C.P
245
_a
Engineering Heat Transfer
250
_a
Sixth ED
260
_a
Roorkke (u.p )
_b
Nem Chand & Bros .
_c
1994
300
_a
668
650
_a
APE
700
_a
Prakash. R
856
_u
APE
999
_c
406
_d
406